Command & Conquer: Tiberian Dawn Structures and Superweapons - Statistics

General Stats
  • This quiz has been taken 6 times
  • The average score is 22 of 25
Answer Stats
Hint Answer % Correct
GDI Base Defense Advanced Guard Tower
100%
GDI/Nod Structure Advanced Power Plant
100%
Nod Structure Airstrip
100%
GDI Structure Barracks
100%
GDI/Nod Wall Concrete Wall
100%
GDI/Nod Structure Construction Yard
100%
GDI Base Defense Guard Tower
100%
Nod Structure Hand of Nod
100%
GDI Superweapon Ion Cannon
100%
Nod Superweapon Nuclear Missile Strike
100%
Nod Base Defense Obelisk of Light
100%
GDI/Nod Structure Power Plant
100%
GDI/Nod Structure Repair Facility
100%
GDI/Nod Wall Sandbags
100%
Nod Structure Temple of Nod
100%
GDI/Nod Structure Tiberium Refinery
100%
Nod Base Defense Turret
100%
GDI Superweapon Air Strike
67%
GDI/Nod Wall Chain Link Fence
67%
GDI/Nod Structure Helipad
67%
Nod Base Defense SAM Site
67%
GDI/Nod Structure Tiberium Silo
67%
GDI Structure Weapons Factory
67%
GDI Structure Advanced Communications Center
33%
GDI/Nod Structure Communications Center
33%
No matching quizzes found
Score Distribution
Percent of People with Each Score
Percentile by Number Answered
Your Score History
You have not taken this quiz